000 nam a22 a 4500
999 _c57044
_d57044
003 BLK
005 20220804100141.0
008 180408b bul|||||r ||||||| ||bul||
010 _aKNG00061033000
040 _aBLK
041 _aBUL
_cBUL
080 _aБиологични науки
_b57
_x(075.8)
_z57(075.8)
100 1 _aЛамбрев, Живко
_eпърви автор
_9287299
139 _aЛамбрев, Живко
_bЛ 18
245 1 0 _aОбща биология
_cЖивко Ламбрев.
257 _aBGR
260 _bНаука и изкуство
_c1973
_fЯмбол : Г. Димитров
_aСофия
300 _a382 с.
_c22 см
380 _a5
500 _aБиблиогр. с. 366-367 ; Азб. показалец
650 4 _aБиология - учебници за ВУЗ
_9246532
852 _aЦб 68633
856 4 _qpdf
856 4 _qpdf
942 _cKNG
_n0
_s1
944 _aCR
_c13.06.2004
_kЧиталня
944 _aED
_c25.08.2015
999 _d57044